[Event "Graz Open 2018"]
[Site "Graz"]
[Date "2018.02.18"]
[Round "2"]
[White "Chylewski, Patryk"]
[Black "Socko, Monika"]
[Result "1/2-1/2"]
[WhiteElo "2261"]
[BlackElo "2482"]
[Annotator "TA"]
[PlyCount "85"]
[EventDate "2018.??.??"]
[EventType "swiss"]
[EventCountry "AUT"]
[SourceTitle "playchess.com"]
[Source "ChessBase"]
[SourceQuality "1"]

{[%evp 22,85,19,-145,14,-178,72,62,131,133,130,129,145,145,142,127,131,138,143,128,122,110,109,103,123,106,109,70,64,77,141,127,132,136,155,154,162,138,149,0,0,0,0,0,0,0,0,0,0,0,0,0,0,0,0,0,0,0,0,0,0,0,0,0,0,0]} 1. d4 Nf6 2. c4 g6 3. Nc3 Bg7 4. e4 O-O 5. Nf3 d6 6. Be2 e5 7. O-O Nc6 8. d5 Ne7 9. b4 {[%cal Bb2b4,Bb4b5][%mdl 32]} a5 10. Ba3 Nh5 11. g3 {E97: King's Indian: Classical Main Line (6...e5 7 0-0 Nc6): 8 Be3 and 8 d5 Ne7, not 9 Ne1} (11. bxa5 b6 12. Bb4 bxa5 13. Ba3 Nf4 14. c5 f5 15. Nd2 Nxe2+ 16. Nxe2 Ba6 17. Re1 Bh6 18. Nc3 Kh8 19. Rb1 Ng8 {1-0 (36) Korobov,A (2660)-Bacrot,E (2714) Warsaw 2011}) 11... f5 12. Ng5 $2 {[#] LiveBook: 6 Games} (12. b5 $11) 12... Nf6 $2 ({Black should try} 12... axb4 $17 13. Bxb4 h6) 13. Bf3 $2 (13. c5 $11 {and White has nothing to worry.}) 13... Ne8 $2 (13... h6 $19 {And now ...axb4 would win.} 14. Ne6 Bxe6 15. dxe6 axb4 16. Bxb4 c5) 14. b5 $146 ({Find the theoretical novelty and annotate with similar games:} 14. bxa5 Kh8 15. Ne6 Bxe6 16. dxe6 c5 17. Nd5 Rxa5 18. Bb2 Nc7 19. Bc3 Ra7 {1-0 (61) Bouton,C (2092)-Aflalo,S (2046) Paris 2012}) 14... h6 (14... fxe4 $14 15. Bxe4 (15. Ngxe4 Nf5 $11) 15... b6) 15. Ne6 Bxe6 16. dxe6 Qc8 17. Nd5 Qxe6 18. Nxe7+ Qxe7 19. exf5 gxf5 20. Bxb7 Rb8 21. Bb2 e4 22. Bd5+ Kh7 23. Bxg7 Qxg7 24. f3 Nf6 25. fxe4 fxe4 (25... f4 $142) 26. Qd4 Rbe8 27. Bc6 Re5 28. Rae1 Kh8 29. Re2 ({Weaker is} 29. Bxe4 Rfe8 $11) 29... Rf7 30. Bxe4 ({Better is} 30. Rf4 $16) 30... Rxe4 $11 {The position is equal.} 31. Rxe4 Nxe4 32. Qxe4 {[#] Black must now prevent Qe8+.} Rxf1+ 33. Kxf1 $16 {[%mdl 4096] Endgame KQ-KQ} Qa1+ $1 34. Qe1 Qxa2 35. Qe8+ Kg7 36. Qe7+ Kg6 37. Qe6+ Kg7 38. Qe7+ Kg6 39. Qxc7 Qb1+ 40. Kf2 Qc2+ 41. Ke3 Qc1+ 42. Ke4 Qh1+ 43. Ke3 {Precision: White = 46%, Black = 45%.} 1/2-1/2

[Event "Graz Open 2018"]
[Site "Graz"]
[Date "2018.02.18"]
[Round "2"]
[White "Oglaza, Oskar"]
[Black "Baumegger, Siegfried"]
[Result "1/2-1/2"]
[WhiteElo "2245"]
[BlackElo "2450"]
[Annotator "TA"]
[PlyCount "55"]
[EventDate "2018.??.??"]
[EventType "swiss"]
[EventCountry "AUT"]
[SourceTitle "playchess.com"]
[Source "ChessBase"]
[SourceQuality "1"]

{[%evp 19,55,0,27,-4,-11,-3,-8,-32,-7,-2,21,28,4,-18,0,0,-5,-6,0,-12,0,0,0,0,0,-9,8,10,23,0,3,-11,0,0,0,0,0,0]} 1. e4 e5 2. Nf3 Nc6 3. d4 exd4 4. Nxd4 Bc5 5. Nb3 Bb6 6. Nc3 Nf6 7. Qe2 {C45: Scotch Game} O-O 8. Be3 d5 {[%cal Bd7d5,Bd5d4][%mdl 32]} 9. O-O-O d4 10. Bg5 h6 {LiveBook: 4 Games} 11. Bxf6 $146 ({Predecessor:} 11. Bh4 Qd6 12. Kb1 Qe6 13. Bxf6 Qxf6 14. Nd5 Qd6 {1-0 (38) Howell,D (2705)-Roiz,M (2600) Skopje 2015}) 11... Qxf6 12. Nd5 Qd6 13. Qf3 Be6 {Threatening ...f5.} 14. Qg3 $1 Rad8 15. Qxd6 Rxd6 16. Nf4 Ne5 17. Nxe6 fxe6 18. f3 c5 {And now ...c4 would win.} 19. Nd2 Bd8 20. Nc4 Nxc4 21. Bxc4 Bg5+ 22. Kb1 Kh7 23. e5 Rc6 24. c3 Be3 {The position is equal.} 25. Bd3+ g6 26. c4 a6 27. a4 a5 28. Kc2 {Precision: White = 60%, Black = 50%.} 1/2-1/2

[Event "Graz Open 2018"]
[Site "Graz"]
[Date "2018.02.19"]
[Round "3"]
[White "Istratescu, Andrei"]
[Black "Tomczak, Mikolaj"]
[Result "1/2-1/2"]
[WhiteElo "2595"]
[BlackElo "2383"]
[Annotator "TA"]
[PlyCount "49"]
[EventDate "2018.??.??"]
[EventType "swiss"]
[EventCountry "AUT"]
[SourceTitle "playchess.com"]
[Source "ChessBase"]
[SourceQuality "1"]

{[%evp 25,49,16,8,16,22,6,12,9,13,10,41,20,22,22,22,23,37,47,50,29,12,14,17,15,12,15]} 1. d4 d5 2. Nf3 Nf6 3. c4 dxc4 4. e3 a6 5. Bxc4 e6 6. O-O c5 7. dxc5 Bxc5 8. Qxd8+ Kxd8 9. Ne5 {D27: Queen's Gambit Accepted: Classical main line: 7 e4!? and 7 a4} Ke7 10. Be2 Nbd7 11. Nd3 Bd6 12. Nd2 b5 13. Nb3 Bb7 {LiveBook: 6 Games} 14. Na5 Bd5 15. Bd2 Rhc8 {[#] White must now prevent ...Rc2.} 16. Rfc1 Ne5 {[#]} 17. Nb4 $146 Nc4 (17... Bc7 {NOTEXT} 18. Bc3 g5 19. a3 Bxa5 20. Bxe5 Bb7) 18. Nxd5+ exd5 19. Nxc4 dxc4 20. Bc3 Ke6 21. a4 Be5 22. Bf3 {[#] Hoping for Bxe5.} Bxc3 23. bxc3 {The position is equal.} Rab8 24. axb5 axb5 25. Ra6+ 1/2-1/2

[Event "Graz Open 2018"]
[Site "Graz"]
[Date "2018.02.19"]
[Round "3"]
[White "Czarnota, Pawel"]
[Black "Schweighoffer, Martin"]
[Result "0-1"]
[WhiteElo "2562"]
[BlackElo "2124"]
[Annotator "TA"]
[PlyCount "80"]
[EventDate "2018.??.??"]
[EventType "swiss"]
[EventCountry "AUT"]
[SourceTitle "playchess.com"]
[Source "ChessBase"]
[SourceQuality "1"]

{[%evp 25,80,50,48,41,45,24,48,48,55,26,29,16,36,22,42,41,61,51,66,61,76,97,103,62,126,82,147,129,114,84,139,137,151,148,219,219,219,219,216,211,214,224,213,208,252,220,237,74,81,8,8,-29980,-29981,-29980,-29981,-29998,-29999]} 1. e4 e5 2. Nf3 Nc6 3. Bb5 a6 4. Ba4 d6 5. c3 Bd7 6. d4 Nge7 7. Be3 Ng6 8. h4 {[%cal Bh2h4,Bh4h5][%mdl 32]} Be7 9. h5 {C75: Spanische Partie (Moderne Steinitz-Verteidigung)} Nh4 10. Nxh4 Bxh4 11. d5 Nb8 12. Bxd7+ Nxd7 13. Qg4 Bf6 {LiveBook: 13 Partien} 14. Nd2 {[%cal Bb1d2,Bd2c4,Bc4e3,Be3f5][%mdl 32]} h6 (14... O-O 15. Qh3 Be7 16. O-O-O b5 {1-0 (37) Vera Siguenas,D (2455)-Bachmann,A (2629) Antofagasta 2015}) 15. g3 Nf8 16. a4 $146 ({Vorgänger:} 16. f4 Qd7 17. Qxd7+ Nxd7 {½-½ (65) Kovacsy,B (2124)-Schweighoffer,M (2123) Hungary 2018}) 16... Qd7 17. Qe2 Nh7 18. a5 O-O 19. Nc4 Rae8 20. f3 Qb5 21. b4 Bg5 22. Bxg5 Nxg5 {[#]} 23. Ne3 $1 c6 24. Rd1 b6 (24... Qa4 $14) 25. Nf5 cxd5 (25... bxa5 $142 26. Nxd6 Qb6) 26. Qxb5 axb5 27. Nxd6 (27. axb6 {feels hotter.} dxe4 28. f4 exf4 29. gxf4 Ne6 30. Rxd6 Rb8 31. Rg1) 27... Rd8 (27... Re6 $142 28. Rxd5 bxa5) 28. Rxd5 $16 {zielt auf Ke2 ab.} bxa5 29. bxa5 {Ke2 ist eine echte Drohung.} f5 (29... Ra8 $16 {ist wohl besser.} 30. Kf2 (30. Rxb5 Rfd8 $16) (30. Nxb5 Rxa5 31. Ke2 Rb8 $16) 30... Rxa5) 30. Nxf5 $18 ({Schlechter ist} 30. exf5 Nf7 $11) 30... Rxd5 31. Ne7+ Kf7 32. Nxd5 {[%mdl 4096] Endspiel Droht stark Ke2. KTS-KTS} Ra8 33. Ke2 Rxa5 34. Ke3 Ke6 35. f4 Nf7 36. Rh4 $2 (36. Rd1 $18 {bietet bessere Gewinnchancen.}) 36... Nd6 $16 37. Rg4 ({Lieber} 37. Kd3 $16 {Und weiter mit Tg4 wäre nett.} Nc4 38. Rh2) 37... Nc4+ $11 38. Kd3 $2 {[%mdl 8192] [#]} (38. Ke2 $11 Ra2+ 39. Ke1 Ra1+ 40. Ke2 Ra2+ 41. Kd1) 38... Ra2 $1 {[%csl Gc4][%cal Ra2d2] Schwarz setzt Matt.} 39. Nc7+ Kd6 {[%csl Gc4][%cal Ra2d2]} 40. Nxb5+ Kc5 {Precision: Weiß = 36%, Schwarz = 40%.} 0-1

[Event "Graz Open 2018"]
[Site "Graz"]
[Date "2018.02.19"]
[Round "3"]
[White "Nevednichy, Vladislav"]
[Black "Danner, Georg"]
[Result "1-0"]
[WhiteElo "2551"]
[BlackElo "2297"]
[Annotator "TA"]
[PlyCount "71"]
[EventDate "2018.??.??"]
[EventType "swiss"]
[EventCountry "AUT"]
[SourceTitle "playchess.com"]
[Source "ChessBase"]
[SourceQuality "1"]

{[%evp 19,71,25,27,31,43,44,42,45,34,37,71,61,63,46,91,56,110,84,91,70,92,83,100,97,185,152,263,254,193,200,233,237,279,282,291,287,292,281,273,196,258,355,499,434,458,472,408,468,548,430,29992,29993,29993,29994]} 1. e4 c5 2. Nf3 d6 3. Bb5+ Bd7 4. c4 Nf6 5. Nc3 g6 6. d4 cxd4 7. Nxd4 Bg7 8. O-O O-O 9. Bxd7 Nfxd7 10. Be3 Nc6 {LiveBook: 88 Games} 11. b3 {E91: King's Indian: Classical: 6 Be2, unusual replies including 6...c5 and 6...Bg4} Nxd4 (11... Rc8 12. Rc1 a6 13. Nxc6 bxc6 {0-1 (59) Cornette,M (2591)-Jones,G (2625) Auckland 2016}) 12. Bxd4 Bxd4 13. Qxd4 {White is slightly better.} Qb6 14. Qd2 $146 ({Predecessor:} 14. Qxb6 Nxb6 15. Rad1 Rac8 16. Nd5 Nxd5 17. Rxd5 Rc7 18. Rfd1 Rfc8 {1-0 (47) El Debs,F (2497)-Madeira,W (2210) Rio de Janeiro 2011}) 14... Rfc8 15. Rad1 Nf6 16. Rfe1 Qd8 17. Re3 Qf8 (17... Qa5 $14) 18. Qe2 a6 19. h3 Rab8 20. a4 b6 21. f4 {[%cal Bf2f4,Bf4e5][%mdl 32]} Rb7 (21... Rd8 $16) 22. e5 $18 dxe5 (22... Ne8 $16 23. exd6 Nxd6) 23. fxe5 Nh5 24. Rf1 Rcb8 {[#]} 25. Ref3 $1 Qh6 26. Qf2 f5 27. exf6 Nxf6 28. Qe2 Qg5 29. Qe6+ Kg7 (29... Kh8 $142 30. Nd5 b5) 30. Ne4 Nxe4 {[#]} 31. Rf7+ $1 ({Weaker is} 31. Qxe4 Qc5+ 32. Kh2 Qd6+ 33. Kh1 e5 $16) 31... Kh8 {Hoping for ...Qc5+.} 32. Qxe4 Rd7 33. b4 Re8 34. Kh2 Qh6 (34... Rdd8 $18 35. h4 Qh6 36. Rxe7 Rf8) 35. Qe5+ Kg8 36. Qe6 {Precision: White = 77%, Black = 21%.} 1-0

[Event "Graz Open 2018"]
[Site "Graz"]
[Date "2018.02.19"]
[Round "3"]
[White "Socko, Monika"]
[Black "Paszewski, Mateusz"]
[Result "1/2-1/2"]
[WhiteElo "2482"]
[BlackElo "2289"]
[Annotator "TA"]
[PlyCount "111"]
[EventDate "2018.??.??"]
[EventType "swiss"]
[EventCountry "AUT"]
[SourceTitle "playchess.com"]
[Source "ChessBase"]
[SourceQuality "1"]

{[%evp 19,111,4,9,2,16,12,24,22,17,0,8,0,0,-40,46,46,44,50,54,45,63,25,30,16,48,47,46,25,25,0,28,28,27,28,27,27,42,13,34,18,18,18,26,24,26,19,26,18,18,18,24,19,19,10,15,13,17,17,24,38,33,41,83,83,83,83,83,83,83,83,83,83,83,43,43,43,43,43,43,43,43,43,43,0,0,0,0,0,0,0,0,0,0,0]} 1. d4 Nf6 2. c4 e6 3. Nc3 Bb4 4. e3 O-O 5. Nge2 c6 (5... d5 6. a3 Be7 7. cxd5 exd5 8. Nf4 Re8 9. Bd3 Bd6 10. O-O Bxf4 11. exf4 Nc6 12. Be3 Ne7 13. Qc2 g6 14. f3 Bf5 15. g4 Bxd3 16. Qxd3 {½-½ (48) Caruana,F (2811)-So,W (2792) Wijk aan Zee 2018}) 6. a3 {E46: Nimzo-Indian: Rubinstein: 4 e3 0-0 5 Ne2 without early Bd3} Ba5 7. Ng3 d5 8. Bd3 dxc4 9. Bxc4 e5 10. O-O Nbd7 {LiveBook: 10 Games} 11. Ba2 Bc7 12. d5 cxd5 13. Nxd5 Nxd5 14. Qxd5 {[#]} Nf6 $146 15. Qxd8 Rxd8 16. e4 h6 ({Black should try} 16... Bb6 $15) 17. Be3 $14 Bd7 18. f3 Bb6 19. Bxb6 axb6 20. Rfc1 Bc6 21. Nf5 Rd2 22. Rab1 Kf8 23. Ne3 (23. Rd1 $5 {[%cal Rd1d2]} Rad8 24. Ne3 $11) 23... b5 24. Rc5 (24. Kf1 {NOTEXT} Nh5 25. Rc2 Rd3 26. Re1 Nf6 27. Kf2) 24... Nd7 25. Rc2 Rxc2 26. Nxc2 Nb6 27. Kf2 Rd8 {[#] And now ...Rd2+ would win.} 28. Ne3 (28. Ke2 {NOTEXT} f6 29. h4 Rd7 30. Ne3 Na4 31. Nf5) 28... f6 29. Rd1 Rxd1 30. Nxd1 $11 {[%mdl 4096] Endgame KBN-KBN} Na4 31. Ke3 Ke7 32. Kd2 Kd6 33. b3 Nb6 34. Kc3 Kc5 35. Ne3 Bd7 36. Bb1 Be6 37. Bd3 Nd7 38. g3 Nb8 39. b4+ Kc6 40. Nd5 Bxd5 41. exd5+ Kxd5 42. Bxb5 Nc6 43. Bxc6+ Kxc6 $16 {KP-KP} 44. a4 {[%cal Ba3a4,Ba4a5][%mdl 32]} b5 45. a5 f5 46. g4 g6 $1 47. Kd3 Kd5 48. Ke3 ({Not} 48. a6 $2 Kc6 $17) 48... Kc6 49. Ke2 Kd5 50. Kf2 Kc6 51. h3 Kd5 {The position is equal.} 52. Kg3 ({But not} 52. a6 Kc6 $17) 52... Kc6 53. Kf2 Kd5 54. Ke3 (54. a6 $2 Kc6 $19) 54... Kc6 55. h4 {[#] Hoping for h5.} h5 $1 56. gxf5 {Precision: White = 53%, Black = 69%.} 1/2-1/2

[Event "Graz Open 2018"]
[Site "Graz"]
[Date "2018.02.19"]
[Round "3"]
[White "Bao, Qilin"]
[Black "Cerovic, Danilo"]
[Result "1-0"]
[WhiteElo "2426"]
[BlackElo "2340"]
[Annotator "TA"]
[PlyCount "69"]
[EventDate "2018.??.??"]
[EventType "swiss"]
[EventCountry "AUT"]
[SourceTitle "playchess.com"]
[Source "ChessBase"]
[SourceQuality "1"]

{[%evp 10,69,0,0,25,4,7,7,10,10,34,37,35,22,40,13,60,33,46,43,60,51,53,54,69,62,58,73,87,87,88,84,85,77,86,74,90,123,106,87,102,0,0,0,0,0,173,160,259,266,396,412,416,411,533,535,497,462,701,605,629,615]} 1. d4 Nf6 2. Bf4 g6 3. e3 Bg7 4. Nf3 O-O 5. c3 d6 6. h3 Nfd7 {A48: 1 d4 Nf6 2 Nf3 g6: Torre, London and Colle Systems} 7. Bh2 e5 8. Be2 Nc6 {The position is equal.} 9. O-O (9. a4 f5 10. b4 Qe7 11. Na3 Nd8 12. Nc4 Nf7 13. Qc2 e4 14. Nfd2 d5 {1-0 (55) Wang,Y (2690)-Salem,A (2638) Riadh 2017}) 9... e4 10. Nfd2 f5 11. a4 Nf6 12. b4 Ne7 13. b5 $146 ({Predecessor:} 13. c4 g5 14. Nc3 Ng6 15. a5 Qe7 16. b5 f4 17. Kh1 Bf5 18. Nd5 {½-½ (18) Korneev,O (2554)-Nagy,G (2469) Lisbon 2018}) 13... g5 14. c4 Ng6 15. Nc3 Qe7 16. Re1 Bd7 17. a5 {[%cal Ba4a5,Ba5b6][%mdl 32]} Rae8 18. b6 cxb6 19. axb6 a6 20. Ra5 Kh8 21. Bf1 Be6 22. Qb3 Qd7 23. Qa4 Qe7 24. Qa3 Rd8 25. d5 ({Better is} 25. Be2 $16) 25... Bg8 $1 $11 26. c5 dxc5 27. d6 $36 {[%mdl 2048] White has some pressure.} Qd7 $2 (27... Rxd6 $11 28. Bxd6 Qxd6) 28. Rxc5 $18 {aiming for Rc7.} Ne8 {[#]} (28... g4 $16) 29. Rd1 $1 Nxd6 (29... Bxc3 $142 30. Qxc3+ Qg7) 30. Ndxe4 $1 fxe4 31. Bxd6 Qe6 32. Bxf8 {White is clearly winning.} Rxf8 33. Qb4 Re8 (33... Rf6 $142 34. Nxe4 Qxb6) 34. Rc7 Qe5 35. Rdd7 {Precision: White = 63%, Black = 49%.} 1-0

[Event "Graz Open 2018"]
[Site "Graz"]
[Date "2018.02.19"]
[Round "3"]
[White "Schwabeneder, Florian"]
[Black "Socko, Bartosz"]
[Result "1/2-1/2"]
[WhiteElo "2403"]
[BlackElo "2593"]
[Annotator "TA"]
[PlyCount "66"]
[EventDate "2018.??.??"]
[EventType "swiss"]
[EventCountry "AUT"]
[SourceTitle "playchess.com"]
[Source "ChessBase"]
[SourceQuality "1"]

{[%evp 16,66,7,7,25,14,20,19,32,28,46,31,51,47,43,0,0,0,0,0,26,15,15,15,24,29,34,0,17,12,14,14,10,4,21,0,20,1,49,25,64,64,64,64,86,89,107,63,63,63,63,63,63]} 1. e4 c6 2. d4 d5 3. exd5 cxd5 4. Nf3 Nf6 5. Ne5 Nc6 6. Bb5 {B13: Caro-Kann: Exchange Variation and Panov-Botvinnik Attack} Bd7 7. Nxd7 Qxd7 8. c3 e6 9. O-O {LiveBook: 20 Games} Be7 (9... Bd6 10. Nd2 O-O 11. Re1 a6 12. Bd3 e5 13. dxe5 Nxe5 {1-0 (52) Kramnik,V (2787)-Caruana,F (2811) Wijk aan Zee 2018}) 10. Nd2 O-O $146 ({Find the theoretical novelty and annotate with similar games:} 10... a6 11. Bd3 O-O {0-1 (42) Kachibadze,G (2239)-Cioara,A (2415) Germany 2010}) 11. Re1 a6 12. Bd3 b5 13. a3 Rfb8 14. Nf3 Qc7 15. Ne5 Nxe5 16. dxe5 Nd7 $1 17. Bf4 Bc5 18. Qh5 g6 19. Qe2 Bf8 20. h4 Nc5 21. Rad1 f5 22. Bb1 Be7 23. g3 a5 24. Kh2 Qc6 25. Rg1 Rf8 26. Be3 Nd7 27. Bd4 Rf7 28. Bd3 Rb8 $1 29. b4 a4 30. g4 {[#] And now gxf5 would win.} Nf8 31. g5 Qe8 {White is slightly better.} 32. f4 h5 33. Kg2 Qc6 {Precision: White = 56%, Black = 42%.} 1/2-1/2

[Event "Graz Open 2018"]
[Site "Graz"]
[Date "2018.02.19"]
[Round "3"]
[White "Molenda, Marcin"]
[Black "Sebenik, Matej"]
[Result "1/2-1/2"]
[WhiteElo "2386"]
[BlackElo "2557"]
[Annotator "TA"]
[PlyCount "46"]
[EventDate "2018.??.??"]
[EventType "swiss"]
[EventCountry "AUT"]
[SourceTitle "playchess.com"]
[Source "ChessBase"]
[SourceQuality "1"]

{[%evp 9,46,0,20,20,20,18,20,24,16,15,19,14,17,31,30,25,28,22,28,22,27,15,35,0,21,21,18,0,0,0,31,0,0,-22,-22,-29,-34,-34,-20]} 1. e4 c5 2. Nf3 d6 3. d4 cxd4 4. Qxd4 Nc6 5. Bb5 Bd7 6. Qd3 {B53: Sicilian: 2...d6: Lines with Qxd4} Rc8 {[#] Strongly threatening ...Nb4.} 7. c4 Nf6 8. Nc3 {The position is equal.} g6 9. O-O Bg7 10. h3 O-O 11. Be3 a6 12. Bxc6 Bxc6 13. Nd4 $146 Nd7 {[%cal Bf6d7,Bd7c5,Bc5e6][%mdl 32]} 14. Rac1 Nc5 15. Qb1 Ne6 16. Rfd1 Qa5 17. b4 Qh5 18. Qd3 Bxd4 19. Bxd4 b5 20. cxb5 Bxb5 21. Nd5 Qxd5 $1 22. exd5 Bxd3 23. dxe6 Bb5 {Precision: White = 66%, Black = 75%.} 1/2-1/2

[Event "Graz Open 2018"]
[Site "Graz"]
[Date "2018.02.19"]
[Round "3"]
[White "Menezes, Christoph"]
[Black "Deac, Bogdan-Daniel"]
[Result "0-1"]
[WhiteElo "2385"]
[BlackElo "2549"]
[Annotator "TA"]
[PlyCount "102"]
[EventDate "2018.??.??"]
[EventType "swiss"]
[EventCountry "AUT"]
[SourceTitle "playchess.com"]
[Source "ChessBase"]
[SourceQuality "1"]

{[%evp 37,102,-18,-13,-32,-12,-24,-8,-14,0,-6,0,-127,-119,-226,-218,-224,-224,-216,-216,-289,-289,-289,-289,-289,-289,-289,-289,-289,-289,-289,-289,-289,-289,-289,-289,-289,-289,-289,-289,-289,-289,-289,-289,-289,-289,-289,-289,-289,-289,-289,-289,-289,-289,-289,-289,-289,-289,-397,-395,-389,-389,-385,-375,-439,-439,-439,-439]} 1. Nf3 d5 2. g3 g6 3. Bg2 Bg7 4. d4 Nf6 5. O-O O-O 6. c4 dxc4 7. Na3 Nc6 8. Nxc4 Be6 9. b3 Bd5 10. Bb2 a5 11. Rc1 Ra6 12. Nfe5 Bxg2 13. Kxg2 a4 14. bxa4 Qa8 15. Kg1 {D77: Fianchetto Grünfeld: 6 0-0: Replies other than 6...c6} (15. Nxc6 Rxc6 16. Kg1 Rd8 17. Qb3 Ne4 18. Rfd1 e6 19. f3 Nd6 20. Ne5 Rb6 21. Qc2 Nf5 22. Qxc7 Rxb2 23. Qxf7+ {0-1 (65) Wang,H (2709)-Le,Q (2737) Huaian 2017}) 15... Rxa4 16. Nxc6 bxc6 17. a3 Rb8 18. Ba1 Nd7 19. Qc2 e6 {LiveBook: 3 Games} 20. Nd2 $146 ({Predecessor:} 20. Rfd1 Nb6 21. Nxb6 Rxb6 22. Bb2 Bf8 {0-1 (46) Horvath,P (2438)-Konopka,M (2484) Hungary 2000}) 20... Rb6 21. e3 h5 22. h4 Qa6 23. Nc4 Rb5 (23... Rb8 {with more complications.} 24. Rfd1 Qa8 25. Nd2 Rxa3 26. Qxc6 Nf6) 24. Nb2 (24. Rfd1 $11) 24... Rxa3 $17 25. Qxc6 {[#]} (25. Nc4 $17 {keeps fighting.} Ra2 26. Qd1) 25... Rxa1 $1 $19 {[%mdl 512]} 26. Qxd7 (26. Rxa1 Qxc6) 26... Rxc1 27. Rxc1 Rxb2 $40 {[%mdl 128] Black has strong attack.} 28. Rxc7 Qa1+ 29. Kg2 Qa8+ 30. Qc6 Qxc6+ 31. Rxc6 {[%mdl 4096] Endgame KRB-KR} Bf8 32. Rc7 Bb4 33. Kf1 Rb1+ 34. Kg2 Be1 35. Rc2 Kf8 36. Kf1 Bc3+ 37. Kg2 Rb3 38. Ra2 Kg7 39. Ra7 Bd2 40. Kf3 Rb2 41. Ke2 Bb4+ 42. Kf1 Rb1+ 43. Ke2 Bd6 44. Rd7 Rb2+ 45. Kf1 Bb8 46. Rd8 Bc7 47. Rd7 Rc2 48. d5 e5 49. d6 Ba5 50. Re7 Kf6 51. Ra7 Bb6 {Precision: White = 53%, Black = 87%.} 0-1

[Event "Graz Open 2018"]
[Site "Graz"]
[Date "2018.02.19"]
[Round "3"]
[White "Chakravarthi Reddy, M."]
[Black "Dastan, Muhammed Batuhan"]
[Result "1/2-1/2"]
[WhiteElo "2380"]
[BlackElo "2520"]
[Annotator "TA"]
[PlyCount "72"]
[EventDate "2018.??.??"]
[EventType "swiss"]
[EventCountry "AUT"]
[SourceTitle "playchess.com"]
[Source "ChessBase"]
[SourceQuality "1"]

{[%evp 20,72,19,8,20,32,30,0,0,0,0,-12,22,19,27,27,39,0,0,0,0,0,0,0,0,0,27,3,4,2,4,0,5,0,0,0,0,0,0,0,0,0,0,0,0,0,0,0,0,0,0,0,0,0,0]} 1. d4 Nf6 2. c4 g6 3. g3 Bg7 4. Bg2 O-O 5. Nf3 d6 6. O-O Nc6 7. Nc3 a6 8. Bg5 h6 9. Bd2 e5 {E63: King's Indian: Fianchetto: Panno Variation with 7...a6} 10. dxe5 dxe5 11. Qc1 {LiveBook: 3 Games} e4 12. Ne1 Kh7 13. Nxe4 Nxe4 14. Bxe4 Nd4 {[#]} 15. Bd3 $146 ({Predecessor:} 15. Qd1 Qe7 16. Bd3 Bg4 17. f3 {½-½ (64) Loginov,V (2509)-Vovk,Y (2422) St Petersburg 2004}) 15... Bf5 {[#] Hoping for ...Bxd3.} 16. Qd1 Bh3 17. Ng2 Nf3+ 18. Kh1 Ne5 19. Bc3 Nxd3 20. Qxd3 Qxd3 21. exd3 Rad8 22. Rad1 Rfe8 23. Bxg7 Kxg7 {The position is equal.} 24. Rd2 Rd4 25. f3 g5 26. Kg1 Bxg2 27. Kxg2 $11 {[%mdl 4096] Endgame KRR-KRR} Re3 28. Rfd1 f5 29. Kf2 f4 30. gxf4 gxf4 31. Rg1+ Kf6 32. Rg4 {[#] Threatens to win with Rxf4+!} Kf5 33. Rg7 Rdxd3 34. Rxd3 Rxd3 35. Ke2 Re3+ 36. Kf2 Rd3 {Precision: White = 65%, Black = 83%.} 1/2-1/2

[Event "Graz Open 2018"]
[Site "Graz"]
[Date "2018.02.19"]
[Round "3"]
[White "Horvath, Dominik"]
[Black "Poetsch, Hagen"]
[Result "1-0"]
[WhiteElo "2369"]
[BlackElo "2484"]
[Annotator "TA"]
[PlyCount "59"]
[EventDate "2018.??.??"]
[EventType "swiss"]
[EventCountry "AUT"]
[SourceTitle "playchess.com"]
[Source "ChessBase"]
[SourceQuality "1"]

{[%evp 11,59,-3,3,-2,19,7,9,18,14,16,15,8,10,8,20,0,18,8,35,15,18,32,42,43,64,54,71,22,21,27,29,33,27,0,570,526,495,429,2097,2098,29992,29990,29990,29991,29991,29992,29992,29992,29992,29993]} 1. c4 e5 2. e3 Nf6 3. Nc3 Bb4 4. Nge2 O-O 5. a3 Be7 6. d4 exd4 7. Qxd4 {A22: English Opening: 1...e5 2 Nc3 Nf6} b6 (7... Nc6 8. Qd1 Ne5 9. Nf4 c6 10. Be2 Ng6 11. Nh5 Nxh5 12. Bxh5 d6 13. O-O Be6 14. b3 Bf6 {½-½ (55) Carlsen,M (2837)-Grigoriants,S (2561) Riadh 2017}) 8. Nf4 Bb7 9. Be2 {The position is equal.} Na6 10. O-O Nc5 {Hoping for ...Nb3.} 11. Qd1 a5 12. b3 $146 ({Predecessor:} 12. Nfd5 Nxd5 13. cxd5 Bf6 14. Bd2 Ba6 15. Bxa6 Rxa6 {½-½ (68) Slobodjan,R (2527)-Jedynak,R (2425) Cappelle-la-Grande 2002}) 12... Nfe4 13. Bb2 Bf6 14. Qc2 Be5 15. Ncd5 Bxb2 16. Qxb2 c6 17. Nh5 {[%csl Gh5][%cal Rb2g7,Bf4h5,Bh5g7,Bg7f5,Bf5h6][%mdl 32] [#]} Ne6 18. Ndf4 {Strongly threatening Nxe6.} Qe7 19. Qe5 Nd2 20. Rfd1 $40 {[%mdl 128] White attacks.} Nxb3 {And now ...f6 would win.} 21. Nxg7 $1 {Nf5 is the strong threat.} f6 $1 {[%cal Rf6e5]} 22. Qc3 (22. Nf5 $5 {[%cal Rf5e7]} fxe5 23. Nxe7+ Kf7 24. Nxe6 dxe6 25. Rd7 $11) 22... Nxa1 $4 {[%mdl 8192]} ({Much weaker is} 22... Qxg7 $6 23. Qxb3 c5 24. g3 $16) (22... Nxf4 $11 {and Black has nothing to worry.} 23. exf4 Kxg7 24. Qxb3 Qxe2 25. Qg3+ Kh8 26. Rxd7 Rg8) 23. Nf5 $18 Qe8 24. Bh5 Qb8 (24... Nxf4 $142 25. exf4 (25. Nh6+ $2 Kh8 $19) 25... Qxh5 26. Qg3+ Qg6 27. Ne7+ Kg7 28. Nxg6 hxg6) 25. Rxd7 {Bg6 would kill now.} Nxf4 {[#]} 26. Bf7+ $1 {[%mdl 512] White mates.} Rxf7 27. Nh6+ Kh8 28. Nxf7+ Kg7 29. Nd6+ Kg8 30. exf4 {Precision: White = 71%, Black = 56%.} 1-0